Statistics for Most Used Contraceptive Methods in USA

Click here to take the quiz!

General Stats

  • This quiz has been taken 26 times
  • The average score is 4 of 9

Answer Stats

%Contraceptive Method% Correct
11.6Male condom
96%
16.0Pill
76%
5.1IUD
60%
4.6Withdrawal
52%
2.7Other modern methods
36%
1.3Rhythm
36%
10.8Male sterilization
28%
21.8Female sterilization
20%
1.0Implant
16%

Score Distribution

Percentile by Number Answered

Percent of People with Each Score

Your Score History

You have not taken this quiz